00618nam a22001817a 4500008004100000020001800041050002100059100001900080245005800099260002700157300002600184500002000210650002100230700001200251942003300263999001700296952012300313220302b |||||||| |||| 00| 0 eng d a9780030993381 aPE 112 .R56 2008 aRinehart, Holt a English workshop:b Complete course/c Holt,Rinehart aUS:bPrinceton,c2008. a344P. :bill. ;c24cm aincludes index. aEnglish Language aWinston 2lcccBOOKShPE 112 .R56 2008 c31372d31372 00102lcc4070aMUCbMUCcGENd2022-03-02eDamaris Kimanzil0oPE 112 .R56 2008p23992r2022-05-30w2022-03-02yBOOKS